Complex Analysis (Record no. 58018)

MARC details
000 -LEADER
fixed length control field 00302nam a22001337a 4500
020 ## - INTERNATIONAL STANDARD BOOK NUMBER
ISBN 978-9332541597
082 ## - DEWEY DECIMAL CLASSIFICATION NUMBER
Classification number 515.9ROO
100 ## - MAIN ENTRY--AUTHOR NAME
Personal name Roop Kumar
245 ## - TITLE STATEMENT
Title Complex Analysis
260 ## - PUBLICATION, DISTRIBUTION, ETC. (IMPRINT)
Place of publication New Delhi:
Name of publisher Pearson Education,
Year of publication 2015.
300 ## - PHYSICAL DESCRIPTION
Number of Pages 461p. ;
650 ## - SUBJECT ADDED ENTRY--TOPICAL TERM
Topical Term Complex Analysis
942 ## - ADDED ENTRY ELEMENTS (KOHA)
Koha item type Books
Holdings
Withdrawn status Lost status Home library Current library Date acquired Cost, normal purchase price Full call number Accession Number Koha item type
    Central Library, QUEST, Nawabshah Central Library, QUEST, Nawabshah 25/10/2017 676.00 515.9ROO 56746 Books